Filosofía de la familia (Registro nro. 1006)

Detalles MARC
000 -CABECERA
Longitud fija campo de control 00835nam a2200277 b 4500
001 - NÚMERO DE CONTROL
Número de control bimo0002387780
003 - IDENTIFICADOR DELl NÚMERO DE CONTROL
Identificador del número de control OSt
005 - FECHA Y HORA DE LA ÚLTIMA TRANSACCIÓN
Fecha y hora de la última transacción 20140205213002.0
008 - CÓDIGOS DE INFORMACIÓN DE LONGITUD FIJA
Códigos de información de longitud fija 070706s2006 sp | ||| ||spa
020 ## - NÚMERO INTERNACIONAL NORMALIZADO PARA LIBROS
Número Internacional Normalizado para Libros (ISBN) 978-84-321-3620-7
040 ## - FUENTE DE LA CATALOGACIÓN
Centro catalogador de origen SpMaBN
Centro transcriptor BMC
041 1# - CÓDIGO DE LENGUA
Código de lengua del texto/banda sonora o título independiente spa
Código de lengua original ita
082 ## - NÚMERO DE LA CLASIFICACIÓN DECIMAL DEWEY
Númeroo de clasificación 346.015
082 ## - NÚMERO DE LA CLASIFICACIÓN DECIMAL DEWEY
Númeroo de clasificación 306.85
100 1# - PUNTO DE ACCESO PRINCIPAL-NOMBRE DE PERSONA
9 (RLIN) 1094
Nombre de persona D'Agostino, Francesco
245 10 - MENCIÓN DE TÍTULO
Título Filosofía de la familia
Mención de responsabilidad, etc. Francesco D'Agostino ; [traducción del italiano, Joan Carreras]
260 ## - PUBLICACIÓN, DISTRIBUCIÓN, ETC. (PIE DE IMPRENTA)
Lugar de publicación, distribución, etc. Madrid
Nombre del editor, distribuidor, etc. Rialp
Fecha de publicación, distribución, etc. cop. 2006
300 ## - DESCRIPCIÓN FÍSICA
Extensión 268 p.
Dimensiones 24 cm
490 ## - MENCIÓN DE SERIE
Mención de serie Colección Textos del Instituto de Ciencias para la Familia
504 ## - NOTA DE BIBLIOGRAFÍA, ETC
Nota de bibliografía, etc. Bibliografía
594 ## - NOTA AL TÍTULO Y MENCIÓN DE RESPONSABIBLIDAD
Nota Al Título Y Mención De Responsabilidad Traducción de: Una filosofia della famiglia
650 24 - PUNTO DE ACCESO ADICIONAL DE MATERIA - TÉRMINO DE MATERIA
9 (RLIN) 2501
Término de materia o nombre geográfico como elemento inicial Derecho de familia
650 24 - PUNTO DE ACCESO ADICIONAL DE MATERIA - TÉRMINO DE MATERIA
9 (RLIN) 2502
Término de materia o nombre geográfico como elemento inicial Familias
700 1# - PUNTO DE ACCESO ADICIONAL - NOMBRE DE PERSONA
9 (RLIN) 2503
Nombre de persona Carreras, Joan
942 ## - ENTRADA DE ELEMENTOS AGREGADOS (KOHA)
Fuente de clasificaión o esquema Dewey Decimal Classification
Koha [por defecto] tipo de item 1- Monografias
Existencias
Suprimido Perdido Fuente de clasificación o esquema Estropeado Restricciones de uso No para préstamo Código de colección Localización permanente Localización actual Localización en estanter&íacute;as Fecha adquisición Fuente de adquisición Número de inventario Préstamos totales Renovaciones totales Signatura completa Código de barras Fecha última consulta Fecha último préstamo Coste, precio reemplazado Fecha del precio de reemplazo Tipo de item de Koha
NULL NULL Dewey Decimal Classification NULL Prestable NULL NULL Biblioteca Miguel de Cervantes - UNICAES Biblioteca Miguel de Cervantes - UNICAES Sala Principal 18/08/2009 Donación - ADESH 001063 11 2 346.015 DAG fil 1001063 29/10/2018 26/10/2018 15.99 26/06/2013 1- Monografias